LEADER 00554naa a2200145 i 4500 001 000000305819 003 CaOOAMICUS 005 20180831172845.0 008 180831n it u000 u ita u 013 $a14090 040 $aSeMil$bita 100 1 $aHrabal, Bohumil <1914-1997>.$0(OLS)http://semarc/name/90715 245 12$aL'ironia praghese. 773 0 $aHrabal, Bohumil <1914-1997>$tTreni strettamente sorvegliati.$b3. Ed.$dRoma : Edizioni e/o, 1987.$kCollana praghese$z88-7641-003-1$gp.109-115$w()55991 996 $6245$aL'ironia praghese$9(OLS)http://semarc/title/381352 LEADER 00990nam a2200205 4500 001 000000362735 003 CaOOAMICUS 005 20250509094344.0 008 250509s1914 it a 000 u ita r 040 $aSeMil$bita 100 1 $aPujia, Carmelo.$0(OLS)http://semarc/name/70143 245 10$aPio pp. 10. :$bDiscorso letto nel solenne funerale fattosi nella metropolitana il 7. della morte /$cdi mons. Carmelo Puija. 264 1$aCittą di Castello :$bTipografia Vescovile Tifernate,$c1914. 300 $a29 p. ;$c20 cm 850 $aSeMil 852 $aSeMil$W1$xVenegono$y1$m5A VIII 10/3$j256680$B253639$CSeMilBibl$Z2$F253639 $86 961 $aCon dedica autografa [dell?autore] al Card. Andrea Carlo Ferrari 996 $6245$aPio pp. 10. :$bDiscorso letto nel solenne funerale fattosi nella metropolitana il 7. della morte$9(OLS)http://semarc/title/453704 996 $6264$aCittą di Castello :$bTipografia Vescovile Tifernate$9(OLS)http://semarc/publisher/62344